00848cam a2200205u 450000100100000000500170001000800410002701000130006804000240008105000170010510000570012224500580017926000730023730000300031060000690034083000660040991000340047595201180050999900150062700000114920200929145504.0840621s1960 cu a 000 0 spa  a62001576 aDO-SdBNPcCarPdDLC00aR476.V35bL62 aLopez Sanchez, Jose,d1911- [from old catalog]9392413aEl primer medico cubano, Diego Vazquez de Hinostrosa. aHabana, :bOficina del Historiador de la Ciudad de La Habana,c1960. a45 p. :billus. ;c22 cm.20aVazquez de Hinostrosa, Diego,db. 1626. [from old catalog]93925 0aCuadernos de historia habanera,v70. [from old catalog]93453 aCatalogación por copia / LC 001052758DSaBNPHUbBNPHUcHDd2009-09-04iLF1l0o p1149-10r2020-06-25w2020-06-25yLF1ZPréstamo interno c1102d1102